00461pam a2200157 a 4500020003600000040000800036082002600044100002100070245005500091250001200146260003400158300005700192500002000249650001500269700001900284 a0471100420 (cloth : alk. paper) cDLC00a540 WIL 1996 A027 Or.1 aBrady, James E.,10aChemistry :bthe study of matter and its changes / a2nd ed. aNew York :bJ. Wiley,cc1996. a1 v. (various pagings) :bill. (some col.) ;c26 cm. aIncludes index. 0aChemistry.1 aHolum, John R.